Library of the University of Algiers 3
Ibrahim Sultan Cheibout
شعار جامعة الجزائر 3
مكتبة جامعة الجزائر 3
إبراهيم سلطان شيبوط

نظم المعلومات الإدارية المتقدمة / (رقم التسجيلة. 45607)

تفاصيل مارك
000 -LEADER
fixed length control field 01256nam a2200229Ia 4500
003 - CONTROL NUMBER IDENTIFIER
control field Ost
005 - DATE AND TIME OF LATEST TRANSACTION
control field 20260507075651.0
008 - FIXED-LENGTH DATA ELEMENTS--GENERAL INFORMATION
fixed length control field 260507s9999||||xx |||||||||||||| ||und||
020 ## - INTERNATIONAL STANDARD BOOK NUMBER
International Standard Book Number 1489119957
040 ## - CATALOGING SOURCE
Transcribing agency fsecg
041 ## - LANGUAGE CODE
Language code of text/sound track or separate title ara
082 ## - DEWEY DECIMAL CLASSIFICATION NUMBER
Classification number 658.403811
100 ## - MAIN ENTRY--PERSONAL NAME
Personal name الطائي، محمد عبد حسين آل فرج
Relator term مؤلف
245 #0 - TITLE STATEMENT
Title نظم المعلومات الإدارية المتقدمة /
Statement of responsibility, etc. محمد عبد حسين آل فرج الطائي
260 ## - PUBLICATION, DISTRIBUTION, ETC.
Place of publication, distribution, etc. عمان:
Name of publisher, distributor, etc. دار وائل للنشر والتوزيع,
Date of publication, distribution, etc. 2004
300 ## - PHYSICAL DESCRIPTION
Extent 245 صفحة؛
Other physical details إيضاحات ؛
Dimensions 24 سم
520 ## - SUMMARY, ETC.
Summary, etc. التخطيط لفعاليات نظام المعلومات الإدارية- تنظيم فعاليات نظام المعلومات الإدارية- توجيه فعاليات نظام المعلومات الإدارية- الرقابة على فعاليات نظام المعلومات الإدارية- فاعلية نظام المعلومات الإدارية- المستفيدون من نظام المعلومات الإدارية.
653 ## - INDEX TERM--UNCONTROLLED
Uncontrolled term الإدارة المعاصرة
653 ## - INDEX TERM--UNCONTROLLED
Uncontrolled term نظم المعلومات الإدارية
653 ## - INDEX TERM--UNCONTROLLED
Uncontrolled term نظم المعلومات- المؤسسة الممتدة
942 ## - ADDED ENTRY ELEMENTS (KOHA)
Koha item type كتب
المقتنيات
Withdrawn status Lost status Source of classification or shelving scheme Damaged status Not for loan Home library Current library Date acquired Serial enumeration / chronology Inventory number Total checkouts Full call number Barcode Date last seen Price effective from Koha item type
    Library of Congress Classification   NOT LOAN / إعارة داخلية مكتبة كلية العلوم الإقتصادية والعلوم التجارية وعلوم التسيير مكتبة كلية العلوم الإقتصادية والعلوم التجارية وعلوم التسيير 07/05/2026 الطابق الأرضي 1744/1   أ/1744ن1 1744/1 07/05/2026 07/05/2026 كتب
    Dewey Decimal Classification   Available مكتبة كلية العلوم الإقتصادية والعلوم التجارية وعلوم التسيير مكتبة كلية العلوم الإقتصادية والعلوم التجارية وعلوم التسيير 07/05/2026 الطابق الأرضي 1744/2   أ/1744ن2 1744/2 07/05/2026 07/05/2026 كتب
    Dewey Decimal Classification   Available مكتبة كلية العلوم الإقتصادية والعلوم التجارية وعلوم التسيير مكتبة كلية العلوم الإقتصادية والعلوم التجارية وعلوم التسيير 07/05/2026 الطابق الأرضي 1744/3   أ/1744ن3 1744/3 07/05/2026 07/05/2026 كتب
    Dewey Decimal Classification   Available مكتبة كلية العلوم الإقتصادية والعلوم التجارية وعلوم التسيير مكتبة كلية العلوم الإقتصادية والعلوم التجارية وعلوم التسيير 07/05/2026 الطابق الأرضي 1744/4   أ/1744ن4 1744/4 07/05/2026 07/05/2026 كتب
    Dewey Decimal Classification   Available مكتبة كلية العلوم الإقتصادية والعلوم التجارية وعلوم التسيير مكتبة كلية العلوم الإقتصادية والعلوم التجارية وعلوم التسيير 07/05/2026 الطابق الثاني 1744/5   أ/1744ن5 1744/5 07/05/2026 07/05/2026 كتب
    Dewey Decimal Classification   Available مكتبة كلية العلوم الإقتصادية والعلوم التجارية وعلوم التسيير مكتبة كلية العلوم الإقتصادية والعلوم التجارية وعلوم التسيير 07/05/2026 الطابق الثاني 1744/6   أ/1744ن6 1744/6 07/05/2026 07/05/2026 كتب
    Dewey Decimal Classification   Available مكتبة كلية العلوم الإقتصادية والعلوم التجارية وعلوم التسيير مكتبة كلية العلوم الإقتصادية والعلوم التجارية وعلوم التسيير 07/05/2026 الطابق الثاني 1744/7   أ/1744ن7 1744/7 07/05/2026 07/05/2026 كتب

موارد الويب المفتوحة


© University of Algiers 3 All Rights Reserved
|
Implemented by LECHELAH Riad